Saltar al contenido

Основы обучения и воспитания детей с нарушениями развития учебное пособие

В пособии представлен теоретический материал по дисциплине «Основы обучения и воспитания детей с нарушениями развития», задания для самостоятельной работы по данной дисциплине. Работа содержит список необходимой литературы, примерные контрольно-измерительные материалы по дисциплине, необходимые инте...

Descripción completa

Guardado en:
Detalles Bibliográficos
Autor principal: Минаева Н. Г.
Formato: Книга
Lenguaje:Russian
Publicado: Саранск МГПУ им. М.Е. Евсевьева 2011
Acceso en línea:https://e.lanbook.com/book/74521
https://e.lanbook.com/img/cover/book/74521.jpg
Etiquetas: Agregar Etiqueta
Sin Etiquetas, Sea el primero en etiquetar este registro!
LEADER 01837nam0a2200253 i 4500
001 74521
003 RuSpLAN
005 20221220173949.0
008 221220s2011 ru gs 000 0 rus
040 |a RuSpLAN 
041 0 |a rus 
044 |a ru 
080 |a 376(075.8) 
084 |a 74.3я73  |2 rubbk 
245 0 0 |a Основы обучения и воспитания детей с нарушениями развития  |b учебное пособие  |c Минаева Н. Г. 
260 |a Саранск  |b МГПУ им. М.Е. Евсевьева  |c 2011 
300 |a 264 с. 
504 |a Библиогр.: доступна в карточке книги, на сайте ЭБС Лань 
520 8 |a В пособии представлен теоретический материал по дисциплине «Основы обучения и воспитания детей с нарушениями развития», задания для самостоятельной работы по данной дисциплине. Работа содержит список необходимой литературы, примерные контрольно-измерительные материалы по дисциплине, необходимые интернет-ресурсы, приложения. Пособие предназначено для студентов и преподавателей дефектологических факультетов педагогических вузов 
521 8 |a Книга из коллекции МГПУ им. М.Е. Евсевьева - Психология. Педагогика 
100 1 |a Минаева Н. Г. 
856 4 |u https://e.lanbook.com/book/74521 
856 4 8 |u https://e.lanbook.com/img/cover/book/74521.jpg 
953 |a https://e.lanbook.com/img/cover/book/74521.jpg